000 00547nam a22002057a 4500
005 20230314112518.0
008 160119b xxu||||| |||| 00| 0 eng d
020 _c4.50
040 _aLoreto College
041 _aBengali
082 _a891.44
_bDAS
100 _aDasgupta, Sashivushan
_qSashivushan Dasgupta
245 _aBangla sahityer ekdik
_cSashivushan Dasgupta
260 _aKolkata
_bShreeguru Library
_c1367
300 _a198p.
504 _aInclude Index
650 _aEast Indo-European & Celtic
850 _aLCLIB
942 _cBK
999 _c40383
_d90862